Normal view MARC view

Entry Nombre personal

Number of records used in: 3

001 - NÚMERO DE CONTROL

  • campo de control: 999

003 - IDENTIFICADOR DE NÚMERO DE CONTROL

  • campo de control: DLC

005 - FECHA Y HORA DE LA ÚLTIMA TRANSACCIÓN

  • campo de control: 20260401085437.0

008 - ELEMENTOS DE DATO DE LONGITUD-FIJA

  • campo de control de longitud fija: 870908n| acannaab| |n aad |||

010 ## - NÚMERO DE CONTROL DE LA BIBLIOTECA DEL CONGRESO

  • Número de control de LC: n 87125846

040 ## - FUENTE DE CATALOGACIÓN

  • Centro catalogador/agencia de origen: DLC
  • Centro/agencia transcriptor: DLC

100 10 - ENCABEZAMIENTO-NOMBRE DE PERSONA

  • Nombre de persona: Doreste, Tomás,
  • Fechas asociadas al nombre: 1925-

670 ## - FUENTE DE DATOS ENCONTRADOS

  • Cita de la fuente: nuc87-90288: His Crónica de Tabarca, 1978
  • Información encontrada: (hdg. on IU rept.: Doreste, Tomás, 1925- ; usage: Tomás Doreste)